000 00412nam a2200181Ia 4500
001 8879
005 20260306160642.0
008 260306t2003||||xx |||||||||||||| ||spa||
041 _aESP
082 _a371.9
_bN25
100 _aNarvarte, Mariana E.
_eAUT
245 0 _aTrastornos escolares
260 _c2003
300 _a316 páginas :
_ccm.
650 _aGEN
654 _aCED
942 _cLIB
_dJUS
_fJUS
_2ddc
_n
999 _c8879
_d8879